|
|
|
|
| LEADER |
00000nam a2200000 a 4500 |
| 001 |
vtls001264513 |
| 003 |
SK-MaSNL |
| 005 |
20260301234540.0 |
| 008 |
240315s1985 xx 0 und |
| 035 |
|
|
|a SNK000215436
|
| 040 |
|
|
|a SNK
|b slo
|c SNK
|e AACR2
|
| 100 |
1 |
|
|a Roček, Zbyněk,
|d 1945-
|4 aut
|9 397656
|
| 245 |
1 |
|
|a Evoluce obratlovců
|
| 260 |
|
|
|a Praha
|b Academia
|c 1985
|
| 300 |
|
|
|a 212 s.
|
| 958 |
|
|
|a OND
|
| 999 |
|
|
|c 970574
|d 972504
|
| 952 |
|
|
|t P60, <04>, [BOOK], {604}
|a SNK
|b SNK
|y NEVYP
|7 0
|p 17A0015803
|o snkIC 99395 D1
|0 0
|1 1
|4 0
|d 1996-10-28
|l 0
|r 2005-01-01 00:00:00
|w 2026-02-24
|
| 952 |
|
|
|t P60, <04>, [BOOK], {604}
|a SNK
|b SNK
|y VYP
|7 0
|p 17A0417159
|o snkIC 99395
|i snkKIP 9089/85
|0 0
|1 0
|4 0
|d 2004-03-05
|l 0
|r 2005-01-01 00:00:00
|w 2026-02-24
|